Normal view
MARC view
- الحرف اليدوية-الصناعات-العصر الايوبي-العصر المملوكي-الحضارة الاسلامية
Entry Topical Term
001 - CONTROL NUMBER
- control field: 63357
003 - CONTROL NUMBER IDENTIFIER
- control field: JO-AjAnu
005 - DATE AND TIME OF LATEST TRANSACTION
- control field: 20230606084336.0
008 - FIXED-LENGTH DATA ELEMENTS
- fixed length control field: 230606|| aca||aabn | a|a d
040 ## - CATALOGING SOURCE
- Original cataloging agency: JO-AjAnu
- Transcribing agency: JO-AjAnu
150 ## - HEADING--TOPICAL TERM
- Topical term or geographic name entry element: الحرف اليدوية-الصناعات-العصر الايوبي-العصر المملوكي-الحضارة الاسلامية
670 ## - SOURCE DATA FOUND
- Source citation: Work cat.: (JO-AjAnu)32301: الزعارير، طه حسن, author 63356, الصناعات والحرف في جنوب بلاد الشام في العصرين الايوبي والمملوكي (الأردن وفلسطين)(569-923ه/1173-1517م)